| 000 | 00468nam a22001817a 4500 | ||
|---|---|---|---|
| 003 | NUST - PNEC | ||
| 005 | 20170116180904.0 | ||
| 008 | 150902b xxu||||| |||| 00| 0 eng d | ||
| 020 | _a0273024612 | ||
| 040 | _cLIBRARY | ||
| 082 | _a620.10 DOU | ||
| 100 |
_96499 _aDouglas, John F. |
||
| 245 |
_aSolution of problems in fluid mechanics _cJohn F. Douglas |
||
| 250 | _a2nd ed | ||
| 260 | _cc1975. | ||
| 650 |
_96500 _aHydraulic engineering _xME |
||
| 942 |
_2ddc _cBK |
||
| 999 |
_c65024 _d65024 |
||